市区町村豆知識サドンデス - Statistics

General Stats
  • This quiz has been taken 233 times
  • The average score is 2 of 11
Answers on the Grid
Answers color-coded by a green-red scale on the quiz's grid according to % correct below.
金田一温泉(きんたいち)は1972年まで金田一村(きんだいち)にあった
広島県海田町最高峰は千葉県最高峰より高い
天橋立の南側は宮津市であるが北側は伊根町で間に境界がある
本初子午線は和歌山市友ヶ島の陸上を通過する
香川県と岡山県は陸上の県境がある
保内町は平成の大合併で八幡浜市と合併し八幡浜市になった
みどり市やみよし市などのひらがなのみの市は日本に21個ある
四万十市役所と四万十町役場は直線距離で40010m以上離れている
羊蹄山山頂は京極町、喜茂別町、真狩村、ニセコ町、倶知安町の5つの自治体の境でもある
大阪市はすべての区に地下鉄がある
三重県の木曽川より東側の地域は全域が木曽岬町である
かつて最も人口の多い町であった宮城県富谷市は2008年に市制施行した
山形市は秋田市より面積が小さいものの人口は多い
『あゝ野麦峠』で知られる野麦峠は高山市と木曽町の市町村境である
大きいことで知られる浜松市であるが天竜区に限ると高松市より小さい
萩石見空港は益田市に、米子空港は境港市にある
山口県で1番人口の少ない自治体は平生町でその人口は赤平市より少ない
道志村は横浜市と合併する計画があったが横浜市議会での議論の末、計画は頓挫した
1972年の沖縄返還以前の沖縄では合併による市の消滅はない
松山市の人口よりも東予地方の圏域人口人口の方が多い
福島県で37番目に面積の大きい楢葉町は猪苗代湖とほぼ同等(誤差1平方km未満)の面積である
佐渡島のように島全域が1つの自治体である島の例として長崎県中通島や東京都令和島が挙げられる
手取川は常に白山市内を流れる(能美市との自治体境界になることはある)
埼玉県蕨市の人口密度は東京都狛江市よりも高い
米原市と隣接している市として長浜市や彦根市、関ヶ原町、いなべ市が挙げられる
広島県江田島市役所から鹿児島県長島町役場まで自動車で船を使わずに移動できる
下高井郡の自治体は1つしか現存しないが上高井郡には2つの自治体が現存する
前橋市の面積を加古川市の面積で割った値は円周率より大きい
八ヶ岳最高峰の赤岳の山頂は八ヶ岳連峰で唯一4つの自治体にまたがる
日本の有名な岬として禄剛埼、地球岬、石廊崎、都井岬があり
それぞれ珠洲市、室蘭市、南伊豆町、日南市にある
 
Answer Stats
Answer % Correct
香川県と岡山県は陸上の県境がある
54%
埼玉県蕨市の人口密度は東京都狛江市よりも高い
40%
萩石見空港は益田市に、米子空港は境港市にある
25%
羊蹄山山頂は京極町、喜茂別町、真狩村、ニセコ町、倶知安町の5つの自治体の境でもある
20%
本初子午線は和歌山市友ヶ島の陸上を通過する
19%
広島県江田島市役所から鹿児島県長島町役場まで自動車で船を使わずに移動できる
19%
広島県海田町最高峰は千葉県最高峰より高い
15%
保内町は平成の大合併で八幡浜市と合併し八幡浜市になった
9%
金田一温泉(きんたいち)は1972年まで金田一村(きんだいち)にあった
7%
福島県で37番目に面積の大きい楢葉町は猪苗代湖とほぼ同等(誤差1平方km未満)の面積である
7%
八ヶ岳最高峰の赤岳の山頂は八ヶ岳連峰で唯一4つの自治体にまたがる
6%
No matching quizzes found
Score Distribution
Percent of People with Each Score
Percentile by Number Answered
Your Score History
You have not taken this quiz